How safe is eating chicken? (Record no. 26693)
[ view plain ]
| 000 -LEADER | |
|---|---|
| fixed length control field | 00759nam a2200121Ia 4500 |
| 008 - FIXED-LENGTH DATA ELEMENTS--GENERAL INFORMATION | |
| fixed length control field | 220620s9999||||xx |||||||||||||| ||und|| |
| 100 ## - MAIN ENTRY--PERSONAL NAME | |
| Personal name | Romano, Donato||Stefani, Gianluca |
| 245 #0 - TITLE STATEMENT | |
| Title | How safe is eating chicken? |
| 546 ## - LANGUAGE NOTE | |
| Language note | English[eng] |
| 650 ## - SUBJECT ADDED ENTRY--TOPICAL TERM | |
| Topical term or geographic name entry element | economics||sociology||unione europea||alimentazione||sociologia||atti di convegno||european union||proceedings||nutrition||economia||Bovine spongiform encephalopathy||Chicken||Food chain||Food safety||France||Germany||Italy||Netherlands||Risk management||Risk perception |
| 856 ## - ELECTRONIC LOCATION AND ACCESS | |
| Uniform Resource Identifier | <a href="https://library.oapen.org/bitstream/20.500.12657/34889/1/345473.pdf||https://library.oapen.org/bitstream/20.500.12657/34889/1/345473.pdf||https://library.oapen.org/bitstream/20.500.12657/34889/1/345473.pdf">https://library.oapen.org/bitstream/20.500.12657/34889/1/345473.pdf||https://library.oapen.org/bitstream/20.500.12657/34889/1/345473.pdf||https://library.oapen.org/bitstream/20.500.12657/34889/1/345473.pdf</a> |
| 942 ## - ADDED ENTRY ELEMENTS (KOHA) | |
| Koha item type | E-Books |
| Withdrawn status | Lost status | Damaged status | Not for loan | Home library | Current library | Date acquired | Total Checkouts | Date last seen | Price effective from | Koha item type |
|---|---|---|---|---|---|---|---|---|---|---|
| Kerala University of Digital Sciences, Innovation and Technology Knowledge Centre | Kerala University of Digital Sciences, Innovation and Technology Knowledge Centre | 20/06/2022 | 20/06/2022 | 20/06/2022 | E-Books |